I hate to cook cookbook quick and no-fuss recipes / (Record no. 340455)
[ view plain ]
| 000 -LEADER | |
|---|---|
| fixed length control field | 00667nam a2200265Ia 4500 |
| 008 - FIXED-LENGTH DATA ELEMENTS--GENERAL INFORMATION | |
| fixed length control field | 170712s9999 xx 000 0 und d |
| 020 ## - INTERNATIONAL STANDARD BOOK NUMBER | |
| International Standard Book Number | 9789712721533 |
| 050 ## - LIBRARY OF CONGRESS CALL NUMBER | |
| Classification number | 641.59 |
| 050 ## - LIBRARY OF CONGRESS CALL NUMBER | |
| Item number | S941 2009 |
| 100 ## - MAIN ENTRY--PERSONAL NAME | |
| Personal name | Subida, Roby C. |
| 245 ## - TITLE STATEMENT | |
| Title | I hate to cook cookbook quick and no-fuss recipes / |
| 245 ## - TITLE STATEMENT | |
| Statement of responsibility, etc | by Roby C. Subida. |
| 260 ## - PUBLICATION, DISTRIBUTION, ETC. (IMPRINT) | |
| Place of publication, distribution, etc | Philippines : |
| 260 ## - PUBLICATION, DISTRIBUTION, ETC. (IMPRINT) | |
| Name of publisher, distributor, etc | Anvil, |
| 260 ## - PUBLICATION, DISTRIBUTION, ETC. (IMPRINT) | |
| Date of publication, distribution, etc | 2009 |
| 300 ## - PHYSICAL DESCRIPTION | |
| Extent | 77 pages : |
| 300 ## - PHYSICAL DESCRIPTION | |
| Other physical details | illustrations ; |
| 300 ## - PHYSICAL DESCRIPTION | |
| Dimensions | 17cm. |
| 440 ## - SERIES STATEMENT/ADDED ENTRY--TITLE | |
| Title | The Maya kitchen. |
| 500 ## - GENERAL NOTE | |
| General note | Includes glossary and index. |
| 650 ## - SUBJECT ADDED ENTRY--TOPICAL TERM | |
| Topical term or geographic name as entry element | Cookery. |
| 650 ## - SUBJECT ADDED ENTRY--TOPICAL TERM | |
| Topical term or geographic name as entry element | Cooking, Philippine. |
| 650 ## - SUBJECT ADDED ENTRY--TOPICAL TERM | |
| Topical term or geographic name as entry element | Series. |
| 650 ## - SUBJECT ADDED ENTRY--TOPICAL TERM | |
| General subdivision | Title. |
No items available.